FORENSIC BOTANY A PRACTICAL GUIDE (Record no. 34721)

MARC details
000 -LEADER
fixed length control field 00293nam a22001337a 4500
003 - CONTROL NUMBER IDENTIFIER
control field SGT
020 ## - INTERNATIONAL STANDARD BOOK NUMBER
International Standard Book Number 9780470661239
082 ## - DEWEY DECIMAL CLASSIFICATION NUMBER
Classification number 363.25
Item number HAL
100 ## - MAIN ENTRY--PERSONAL NAME
Personal name HALL DAVID W
245 ## - TITLE STATEMENT
Title FORENSIC BOTANY A PRACTICAL GUIDE
260 ## - PUBLICATION, DISTRIBUTION, ETC. (IMPRINT)
Place of publication, distribution, etc USA
Name of publisher, distributor, etc WILEY PUB
Year of Publication 2012
300 ## - PAGE DESCRIPTION
No. of Pages 195
942 ## - ADDED ENTRY ELEMENTS (KOHA)
Source of classification or shelving scheme Dewey Decimal Classification
Koha item type Books
Holdings
Withdrawn status Lost status Source of classification or shelving scheme Damaged status Not for loan Collection code Home library Current library Shelving location Date acquired Vendor Name Cost, normal purchase price SGTU Bill Number Total Checkouts Full call number Accession No. (Barcode) Date last seen Bill Date Koha item type
    Dewey Decimal Classification   Not For Loan SCIENCE SGT Science & Social Sciences Library SGT Science & Social Sciences Library Reference Book 29/04/2026 ABC PUB 7672.88 SGTU 22928   363.25 HAL PS7513 29/04/2026 22/04/2026 Books